Eredivisie Teams 2020-2021 - Statistics

General Stats
  • This quiz has been taken 11 times
  • The average score is 14 of 18
Answer Stats
Answer % Correct
Ajax
100%
PSV Eindhoven
100%
Ado Den Haag
91%
FC Utrecht
91%
Feyenoord
91%
AZ Alkmaar
82%
FC Groningen
82%
SC Heerenveen
82%
Sparta Rotterdam
82%
VVV-Venlo
82%
FC Twente
73%
Vitesse
73%
Heracles Almelo
64%
PEC Zwolle
64%
Willem II
64%
Fortuna Sittard
55%
FC Emmen
45%
RKC Waalwijk
36%
No matching quizzes found
Score Distribution
Percent of People with Each Score
Percentile by Number Answered
Your Score History
You have not taken this quiz